Package of practices recommendations: Crops 2024. Ed 16 (Record no. 75381)

MARC details
000 -LEADER
fixed length control field 00335nam a22001217a 4500
020 ## - INTERNATIONAL STANDARD BOOK NUMBER
ISBN 978-81-969121-6-1
082 ## - DEWEY DECIMAL CLASSIFICATION NUMBER
Classification number 633(035) KAU
100 ## - MAIN ENTRY--AUTHOR NAME
Personal name JOHN (Jacob), Ed. et al.
245 ## - TITLE STATEMENT
Title Package of practices recommendations: Crops 2024. Ed 16
260 ## - PUBLICATION, DISTRIBUTION, ETC. (IMPRINT)
Place of publication Thrissur
Name of publisher Kerala Agricultural University
Year of publication 2024
300 ## - PHYSICAL DESCRIPTION
Number of Pages 435p.
942 ## - ADDED ENTRY ELEMENTS (KOHA)
Koha item type Books
Holdings
Withdrawn status Lost status Damaged status Not for loan Home library Current library Date acquired Source of acquisition Full call number Accession Number Koha item type
        RRII Library RRII Library 24/01/2025 Purchased through Agronomy Division 633(035) KAU 23620 Books